000 01410nam2a2200265 4500
001 v19\rc\2062928
005 20250620025015.0
035 _a(NLR Aleph) 005139336
090 _a4787081
_c4787081
100 _a20081111f19141918|||y0rusy50 ca
101 0 _arus
102 _aRU
105 _ay z |||||
200 1 _aДневник писателя за 1873 г.
_aПолитические статьи
_aКритические статьи
210 _d[между 1914 и 1918]
_aБ. м.
215 _aVIII, 427 с.
461 0 _1001v19\rc\2062914
_12001#$aПолное собрание сочинений Ф. М. Достоевского$eс многочисленными приложениями$vТ. 19
_1700#1$aДостоевский$bФ. М.$f1821-1881$gФедор Михайлович$3RU\NLR\AUTH\77838
_94786981
_aДостоевский, Ф. М. (1821-1881)
_cПетроград
_d[1914-1918]
_nПросвещение
_oс многочисленными приложениями
_tПолное собрание сочинений Ф. М. Достоевского
_vТ. 19
532 1 1 _aДневник писателя за тысяча восемьсот семьдесят третий год
801 0 _aRU
_bNLR
_gpsbo
801 1 _aRU
_bProSoft-M
_2rusmarc
852 _aNLR
_j64-3/223(19)
852 _aNLR
_bМф
_jК1/15674(т. 19)
942 _cBOOK
980 _aNB